| 000 | 00362nam a2200121 4500 | ||
|---|---|---|---|
| 999 |
_c13688 _d13688 |
||
| 008 | 190401b ||||| |||| 00| 0 eng d | ||
| 100 |
_938075 _aCasamayor, Lyka Amethyst H. |
||
| 245 |
_aSeniors delisted/ _cLyka Amethyst H. Casamayor |
||
| 260 |
_aDavao City: _bSun Star Davao; _cc2018. |
||
| 300 | _apage 2. | ||
| 650 | 0 |
_938076 _aPublic welfare. |
|
| 942 |
_2ddc _cPER |
||